Zwycięzcy Złotej Piłki, gdyby była sprawiedliwa - Statystyki

Ogólne statystyki
  • Ten quiz został rozwiązany 2 012 razy
    536 od ostatniego zresetowania
  • Średni wynik to 16 z 17
Statystyki odpowiedzi
Rok Zwycięzca % Poprawnych
2008 Cristiano Ronaldo
96%
2013 Cristiano Ronaldo
96%
2014 Cristiano Ronaldo
96%
2016 Cristiano Ronaldo
96%
2017 Cristiano Ronaldo
96%
2018 Cristiano Ronaldo
96%
2009 Lionel Messi
96%
2010 Lionel Messi
96%
2015 Lionel Messi
96%
2019 Lionel Messi
96%
2020 Robert Lewandowski
96%
2021 Robert Lewandowski
96%
2011 Lionel Messi
94%
2012 Lionel Messi
94%
2022 Karim Benzema
80%
2024 Vinicius Junior
75%
2023 Erling Haaland
74%
Nie znaleziono quizów pasujących do podanych kryteriów
Rozkład punktacji
Procent ludzi z każdym wynikiem
Percentyl według liczby udzielonych odpowiedzi
Twoja historia wyników
Nie rozwiązałeś tego quizu od ostatniego zresetowania